| 000 | 01584cam a22003615a 4500 | ||
|---|---|---|---|
| 999 |
_c27189 _d27161 |
||
| 001 | 2619133 | ||
| 005 | 20190224130834.0 | ||
| 008 | 970826s2007 ua a frbc 000 0 eng d | ||
| 010 | _a 98100431 | ||
| 020 | _a978 | ||
| 035 | _a(OCoLC)37528407 | ||
| 035 | _a1214946 | ||
| 040 |
_aNjN _beng _cNjN _dOrU _dDLC _dEG-ScBUE |
||
| 041 | 1 |
_aeng _hfre |
|
| 043 | _af-ua--- | ||
| 082 | 0 | 4 |
_a709.32 _bPRI _222 |
| 100 | 1 |
_aPrisse d'Avennes, _d1807-1879. _923009 |
|
| 240 | 1 | 0 |
_aHistoire de l'art égyptien d'après les monuments depuis les temps les plus reculés jusqu'à la domination romaine. _kSelections. _lEnglish |
| 245 | 1 | 0 |
_aAtlas of Egyptian art / _cPrisse d'Avennes ; with an introduction by Maarten J. Raven ; captions by Olaf E. Kaper. |
| 260 |
_aCairo ; _aNew York : _bThe American University in Cairo Press, _c2007. |
||
| 300 |
_a24 p., [146] p. of plates : _bill. (chiefly col.) ; _c30 cm. |
||
| 500 | _aContains plates only from: Histoire de l'art egyptien d'apres les monuments depuis les temps les plus recules jusqu'a la domination romaine. | ||
| 500 | _a"This edition reproduced from: Atlas of Egyptian art ... (Cairo : Zeitouna, 1991)"--t.p. verso. | ||
| 500 | _a"A Zeitouna book." | ||
| 504 | _aIncludes bibliographical references (p. 7). | ||
| 505 | 2 | _aCross-reference with Porter & Moss [p. 24]. | |
| 650 | 7 |
_aArt, Egyptian _xCatalogs. _2BUEsh |
|
| 651 | 7 |
_aEgypt _xAntiquities _xCatalogs. _2BUEsh |
|
| 653 |
_bGGEN _bCOMAME _cFebruary2019 |
||
| 700 | 1 |
_aKaper, Olaf E. _eeditor. |
|
| 700 | 1 |
_aRaven, Maarten J., _eauthor of introduction, etc. |
|
| 942 | _2ddc | ||